| 000 | 00500nam a22001697a 4500 | ||
|---|---|---|---|
| 005 | 20230127054742.0 | ||
| 008 | 230127b |||||||| |||| 00| 0 eng d | ||
| 020 | _a0-345-43106-5 | ||
| 082 | _a782.1092 Sg523 1999 | ||
| 100 |
_aSgammato, Jo _eauthor |
||
| 245 |
_aFor the music: _bthe Vince Gill story / _cJo Sgammato |
||
| 260 |
_aNew York: _bBallantine Books, _cc1999. |
||
| 300 |
_aviii, 213p.; _bill. |
||
| 541 | _e5012 | ||
| 650 | _aGill Vince | ||
| 650 | _aMusicians - United States - Biography | ||
| 999 |
_c700 _d700 |
||